000 00661nam a2200217Ii 4500
003 JO-AjNU
008 230606s9999||||xx |||||||||||||| ||und||
020 _a0-415-38079-0/978-0-415-38079-9
040 _aJO-AjNU
_beng
_erda
_cJO-AjNU
041 _aeng
050 1 4 _aHF5415.13.M664.2007
100 3 _aMoore,Karl/Niketh Pareek,
_eauthor
_91489
245 0 0 _aMarketing The Basics
250 _a1 ed
264 3 1 _aLondon:Routledge Taylor&Francis Group,2007
300 _a220p
_bglossary 204-214p, indexes 215-220 p
336 _atext
_btxt
_2rdacontent
337 _aunmediated
_bn
_2rdamedia
338 _avolume
_bnc
_2rdacarrier
650 4 _a Marketing
_91490
999 _aE784
_c784
_d784